La Sagrada Biblia / (Record no. 152084)

MARC details
000 -LEADER
campo de control de longitud fija 00944nam a2200217 i 4500
001 - NÚMERO DE CONTROL
campo de control 152084
003 - IDENTIFICADOR DE NÚMERO DE CONTROL
campo de control ES-MaACL
005 - FECHA Y HORA DE LA ÚLTIMA TRANSACCIÓN
campo de control 20250819002058.0
008 - DATOS DE LONGITUD FIJA--INFORMACIÓN GENERAL
campo de control de longitud fija 931025m18711873sp a |||| | spa d
130 0# - ENTRADA PRINCIPAL--TÍTULO UNIFORME
Título uniforme Biblia.
Lenguaje de la obra Español
9 (RLIN) 119282
245 13 - MENCIÓN DEL TÍTULO
Título La Sagrada Biblia /
Mención de responsabilidad, etc. traducida de la Vulgata Latina al español, aclarado el sentido de algunos lugares con la luz que dan los textos originales hebreo y griego e ilustrada con varias notas sacadas de los Santos Padres y Expositores sagrados por Félix Torres Amat.
250 ## - MENCION DE EDICION
Mención de edición Nueva ed.
Resto de la mención de edición ilustrada por Gustavo Doré.
260 ## - PUBLICACIÓN, DISTRIBUCIÓN, ETC.
Lugar de publicación, distribución, etc. Barcelona :
Nombre del editor, distribuidor, etc. Montaner y Simon,
Fecha de publicación, distribución, etc. 1871-1873 (
Fabricante Imp. de Ramirez y Cª)
300 ## - DESCRIPCIÓN FÍSICA
Extensión 4 v. :
Otras características físicas il., grab. ;
Dimensiones 44 cm.
630 04 - PUNTO DE ACCESO ADICIONAL DE MATERIA--TÍTULO UNIFORME
Título uniforme Biblia
9 (RLIN) 119237
700 1# - ENTRADA AGREGADA--NOMBRE PERSONAL
Nombre de persona Torres Amat, Félix.
9 (RLIN) 110925
700 1# - ENTRADA AGREGADA--NOMBRE PERSONAL
Nombre de persona Doré, Gustave.
9 (RLIN) 45388
710 2# - ENTRADA AGREGADA--NOMBRE DE ENTIDAD CORPORATIVA
Nombre de entidad corporativa o nombre de jurisdicción como elemento de entrada Montaner y Simón.
9 (RLIN) 134693
852 ## - LOCALIZACIÓN
Ubicación ES-MaACL
Número de control de estantería C-2208-11
Nota libre - Enc. hol.
Holdings
Estatus retirado Estado de pérdida Estado de daño No para préstamo Colección Biblioteca de origen Biblioteca actual Ubicación en estantería Fecha de adquisición Total de préstamos Signatura topográfica completa Código de barras Visto por última vez Precio de reemplazo Tipo de ítem Koha
        Libros del s. XIX Biblioteca del Ateneo de Madrid Biblioteca del Ateneo de Madrid Sala Palomar 17/01/2008   C-2208-11 1158752 23/02/2023 23/02/2023 Libro impreso antiguo